00484 2200181 4500245005400000020002200054250001100076100001900087700001900106700002000125650004300145005001900188260004100207041001400248084000800262300002300270336000900293 aAssassin's Creed RevelationcBowden, OliverhText a978-602-7812-03-1 aCet. 1 aBowden, Oliver aMelody Violine aTendy Yuliandes aNovel Inggris (dalam Bahasa Indonesia) a20230331111704 aJakartabUfuk Publishing Housec2012 aIndonesia a823 a556 hlm. :c20 cm. atext